000239253 001__ 239253
000239253 005__ 20210922173046.0
000239253 0247_ $$2GEPRIS$$aG:(GEPRIS)5295768$$d5295768
000239253 0247_ $$2Dimensions$$aG:(Dimensions)grant.4756682$$dgrant.4756682
000239253 035__ $$aG:(GEPRIS)5295768
000239253 150__ $$aMechanismen der Dynamik des pflanzlichen Blatt- und Wurzelwachstums$$y2000-01-01 - 2005-12-31
000239253 5101_ $$0I:(DE-588b)2007744-0 $$aGerman Research Foundation$$bDFG
000239253 680__ $$aWachstum ist ein zentraler Prozess pflanzlichen Lebens, der sich durch eine komplexe raumzeitliche Organisation auszeichnet. Neue methodische Entwicklungen ermöglichen die Verknüpfung mechanistischer Prozesse mit der makroskopischen Wachstumsdynamik. An M
000239253 909CO $$ooai:juser.fz-juelich.de:895108$$pauthority$$pauthority:GRANT
000239253 909CO $$ooai:juser.fz-juelich.de:895108
000239253 980__ $$aG
000239253 980__ $$aAUTHORITY